[Event "ISR-ch U20"]
[Site "Ramat Hasharon"]
[Date "2023.08.03"]
[Round "2"]
[White "Tzidkiya, Yeshaayahu"]
[Black "Leib, Daniel"]
[Result "1-0"]
[WhiteElo "2445"]
[BlackElo "1973"]
[PlyCount "101"]
[EventDate "2023.08.02"]
[EventType "swiss"]
[EventRounds "9"]
[EventCountry "ISR"]
[SourceTitle "EXT 2024"]
[Source "ChessBase"]
[SourceDate "2023.10.10"]
[SourceVersion "1"]
[SourceVersionDate "2023.10.10"]
[SourceQuality "1"]

1. e4 c5 2. Nf3 Nc6 3. Nc3 e5 4. Bc4 Be7 5. d3 d6 6. 0-0 Nf6 7. Ng5 0-0 8. f4 Bg4 9. Qe1 h6 10. Nf3 exf4 11. Bxf4 Be6 12. Nd5 Bxd5 13. exd5 Na5 14. Nh4 Nxc4 15. dxc4 Re8 16. Nf5 Bf8 17. Qg3 Kh7 18. Bxd6 Ne4 19. Qd3 Bxd6 20. Rae1 g6 21. Rxe4 gxf5 22. Rxf5 Rxe4 23. Qxe4 Kg7 24. Qg4+ Kf8 25. Qg6 Qe7 26. Qxh6+ Ke8 27. Qh8+ Qf8 28. Qh3 Rd8 29. Rh5 Ke7 30. Rh7 Qg8 31. Qe6+ Kf8 32. Qf6 Qxh7 33. Qxd8+ Kg7 34. Qxd6 Qxc2 35. Qg3+ Kf8 36. Qb8+ Kg7 37. Qe5+ f6 38. Qc3 Qb1+ 39. Kf2 Qf5+ 40. Qf3 Qc2+ 41. Qe2 Qf5+ 42. Kg3 Kf8 43. h4 Qg6+ 44. Kh2 Qf5 45. g3 Kg7 46. d6 Kg6 47. Qd2 Qd7 48. Qd3+ Kg7 49. h5 f5 50. Qd2 Kh7 51. Qg5 1-0

[Event "Netanya op"]
[Site "Netanya"]
[Date "2019.07.01"]
[Round "8"]
[White "Leib, Daniel"]
[Black "Smoliar, Klim"]
[Result "1-0"]
[WhiteElo "1897"]
[BlackElo "1871"]
[PlyCount "77"]
[EventDate "2019.06.23"]
[EventType "swiss"]
[EventRounds "9"]
[EventCountry "ISR"]
[SourceTitle "CBM 191 Extra"]
[Source "ChessBase"]
[SourceDate "2019.09.30"]
[SourceVersion "1"]
[SourceVersionDate "2019.09.30"]
[SourceQuality "1"]

1. e4 c5 2. Nf3 d6 3. d4 cxd4 4. Nxd4 Nf6 5. Nc3 Bd7 6. Be3 e5 7. Nb3 Be7 8. Qd2 Be6 9. f3 0-0 10. 0-0-0 a5 11. Kb1 Na6 12. Nd5 Nxd5 13. exd5 Bd7 14. Qxa5 Qe8 15. Qd2 f5 16. f4 e4 17. Be2 Bf6 18. h3 Rc8 19. g4 g6 20. g5 Bg7 21. h4 Qe7 22. h5 Be8 23. hxg6 hxg6 24. Rh3 Bf7 25. Rdh1 Nc7 26. Bd4 Bxd5 27. Rh8+ Bxh8 28. Rxh8+ Kf7 29. Rh7+ Ke8 30. Rxe7+ Kxe7 31. Bf6+ Kd7 32. Nd4 Ra8 33. a3 e3 34. Qxe3 Rae8 35. Qd2 Ra8 36. Nb5 Nxb5 37. Bxb5+ Ke6 38. Bd7+ Kxd7 39. Qxd5 1-0

[Event "Netanya op"]
[Site "Netanya"]
[Date "2019.06.26"]
[Round "4"]
[White "Leib, Daniel"]
[Black "Hoffmann, Yair"]
[Result "0-1"]
[WhiteElo "1897"]
[BlackElo "2140"]
[PlyCount "70"]
[EventDate "2019.06.23"]
[EventType "swiss"]
[EventRounds "9"]
[EventCountry "ISR"]
[SourceTitle "CBM 191 Extra"]
[Source "ChessBase"]
[SourceDate "2019.09.30"]
[SourceVersion "1"]
[SourceVersionDate "2019.09.30"]
[SourceQuality "1"]

1. e4 c6 2. d4 d5 3. Nd2 dxe4 4. Nxe4 Nd7 5. Nf3 Ngf6 6. Ng3 e6 7. Bd3 Bd6 8. 0-0 h6 9. c4 b6 10. b3 Bb7 11. Bb2 0-0 12. Re1 Re8 13. Ne5 Qc7 14. f4 c5 15. Ne4 Nxe4 16. Bxe4 Bxe4 17. Rxe4 cxd4 18. Bxd4 Nc5 19. Re3 f6 20. Nd3 Rad8 21. g3 e5 22. fxe5 fxe5 23. Bb2 e4 24. Nb4 Bf4 25. Qe2 Bxe3+ 26. Qxe3 Nd3 27. Bc3 Nxb4 28. Bxb4 a5 29. Ba3 Rd3 30. Qe2 Qd7 31. Re1 Qd4+ 32. Kh1 Rd2 33. Qh5 Qe5 34. Qg6 Re6 35. Qg4 Rxa2 0-1

[Event "Netanya op"]
[Site "Netanya"]
[Date "2019.06.23"]
[Round "1"]
[White "Veinberg, Nimrod"]
[Black "Leib, Daniel"]
[Result "0-1"]
[WhiteElo "2401"]
[BlackElo "1897"]
[PlyCount "96"]
[EventDate "2019.06.23"]
[EventType "swiss"]
[EventRounds "9"]
[EventCountry "ISR"]
[SourceTitle "CBM 191 Extra"]
[Source "ChessBase"]
[SourceDate "2019.09.30"]
[SourceVersion "1"]
[SourceVersionDate "2019.09.30"]
[SourceQuality "1"]

1. d4 d5 2. Nf3 Nf6 3. Bf4 e6 4. e3 c5 5. Nbd2 Nc6 6. c3 Be7 7. Ne5 0-0 8. Bd3 Nxe5 9. Bxe5 b6 10. h4 Bb7 11. Qb1 h6 12. Bxf6 Bxf6 13. f4 Bxh4+ 14. g3 Bxg3+ 15. Ke2 e5 16. fxe5 f5 17. Nf3 f4 18. Qg1 Qe8 19. Qg2 Qe6 20. Raf1 a5 21. Rfg1 Rf7 22. exf4 Bxf4 23. Bg6 Ba6+ 24. Kd1 Rc7 25. Rh5 Rf8 26. Bb1 Be3 27. Rgh1 Rcf7 28. R1h3 cxd4 29. Rg3 dxc3 30. Qc2 Rc8 31. Qh7+ Kf8 32. Rg6 cxb2 33. Qh8+ Ke7 34. Rxe6+ Kxe6 35. Nd4+ Bxd4 36. Rxh6+ Ke7 37. Re6+ Kxe6 38. Qh3+ Kxe5 39. Qg3+ Ke6 40. Qg4+ Kd6 41. Qxd4 Rf1+ 42. Kd2 Rxb1 43. Qf4+ Kc6 44. Qf5 Rc1 45. Qe6+ Kb7 46. Qd7+ R8c7 47. Qxd5+ Ka7 48. a4 b1Q 0-1